The Town and Country Planning (Residential Density) (London, South East England, South West England, East of England and Northamptonshire) Direction 2005 (Record no. 106535)
[ view plain ]
| 000 -LEADER | |
|---|---|
| fixed length control field | 01469cam a2200241 4500 |
| 001 - CONTROL NUMBER | |
| control field | L136901 |
| 008 - FIXED-LENGTH DATA ELEMENTS--GENERAL INFORMATION | |
| fixed length control field | 070301n2005 000 0 eng u |
| 035 ## - SYSTEM CONTROL NUMBER | |
| System control number | (Sirsi) u136901 |
| 041 0# - LANGUAGE CODE | |
| Language code of text/sound track or separate title | eng |
| 050 ## - LIBRARY OF CONGRESS CALL NUMBER | |
| Classification number | 711.1 $2 18 |
| 110 2# - MAIN ENTRY--CORPORATE NAME | |
| Corporate name or jurisdiction name as entry element | United Kingdom |
| Subordinate unit | Office of the Deputy Prime Minister |
| 245 04 - TITLE STATEMENT | |
| Title | The Town and Country Planning (Residential Density) (London, South East England, South West England, East of England and Northamptonshire) Direction 2005 |
| Medium | [electronic resource] |
| 260 ## - PUBLICATION, DISTRIBUTION, ETC. | |
| Place of publication, distribution, etc. | London |
| Name of publisher, distributor, etc. | ODPM |
| Date of publication, distribution, etc. | 2005 |
| 490 #0 - SERIES STATEMENT | |
| Series statement | ODPM Circular |
| Volume/sequential designation | 01 $2 005 |
| 520 ## - SUMMARY, ETC. | |
| Summary, etc. | Gives effect to the extension of the Density Direction. A copy of the Direction, which came into force on 28 February 2005, forms the Annex to this Circular. This Direction replaced the Town and Country Planning (Residential Density) (London and the South East) Direction 2002 which covered London and the South East. It extends the geographical coverage of the 2002 Direction to include the South West of England, the remainder of the East of England and Northamptonshire. |
| 520 ## - SUMMARY, ETC. | |
| Summary, etc. | Circular cancelled and no longer available. LC 29/8/11. |
| 650 24 - SUBJECT ADDED ENTRY--TOPICAL TERM | |
| Topical term or geographic name entry element | ODPM CIRCULAR 01/2005 |
| 650 24 - SUBJECT ADDED ENTRY--TOPICAL TERM | |
| Topical term or geographic name entry element | PLANNING POLICY GUIDANCE NOTE THREE |
| 651 #4 - SUBJECT ADDED ENTRY--GEOGRAPHIC NAME | |
| Geographic name | England |
| Chronological subdivision | 886- |
| 690 ## - LOCAL SUBJECT ADDED ENTRY--TOPICAL TERM (OCLC, RLIN) | |
| Topical term or geographic name as entry element | ENVIRONMENTAL AND LAND CONSULTANCY-SUSTAINABILITY-SUSTAINABLE DEVELOPMENT |
| 856 40 - ELECTRONIC LOCATION AND ACCESS | |
| Uniform Resource Identifier | <a href="https://www.communities.gov.uk/index.asp?id=1144325">https://www.communities.gov.uk/index.asp?id=1144325</a> |
| Public note | View the circular free of charge at www.communities.gov.uk... |
| 942 ## - ADDED ENTRY ELEMENTS (KOHA) | |
| Suppress in OPAC | 0 |
| Withdrawn status | Lost status | Source of classification or shelving scheme | Damaged status | Not for loan | Home library | Current library | Shelving location | Date acquired | Total Checkouts | Full call number | Barcode | Date last seen | Copy number | Price effective from | Koha item type |
|---|---|---|---|---|---|---|---|---|---|---|---|---|---|---|---|
| Dewey Decimal Classification | Virtual | Virtual | Online | 01/03/2007 | ONLINE PUBLICATION | 136901-1001 | 06/08/2019 | 1 | 06/08/2019 | Book |